01435nam a2200289 a 450000100060000000300080000600500170001400800410003102000250007203500190009704000370011604100080015308200220016110000300018324500840021325004750029726400470077230000610081933600210088033700250090133800230092650400510094965000330100065000410103370000390107470000320111381581BD-RjUL20230718114954.0230718s2018 enka b 001 0 eng  a9780198737223 (pbk.) a(BD-RjUL)81581 aDLCbengcDLCerdadDLCdBD-RjUL aeng00223a612bPOH 20181 aPocock, Gillian,eauthor.10aHuman physiology /cGillian Pocock, Christopher D. Richards, David A. Richards. aFifth edition /bGillian Pocock, Senior Lecturer in Clinical Science, Canterbury Christ Church University, Canterbury, UK, Christopher D. Richards, Emeritus Professor of Experimental Physiology, Department of Physiology, Pharmacology and Neuroscience, Faculty of Life and Medical Sciences, University College London, London, UK, and David A. Richards, Associate Professor, Department of Basic Pharmaceutical Sciences, Husson University School of Pharmacy, Bangor, Maine. 1aOxford :bOxford University Press,c[2018] axiv, 926 pages :billustrations (chiefly color) ;c28 cm atext2rdacontent aunmediated2rdamedia avolume2rdacarrier aIncludes bibliographical references and index. 0aHuman physiologyvTextbooks. 0aPhysiology, PathologicalvTextbooks.1 aRichards, Christopher D.,eauthor.1 aRichards, David A.eauthor.